000 00740cam a2200241 a 4500
001 17165002
005 20180314082856.0
008 120214s2013 nyua 001 0 eng
010 _a 2012001055
020 _a9780073525471 (pbk. : acidfree paper)
020 _a0073525472 (pbk. : acidfree paper)
040 _aDLC
_cDLC
_dDLC
041 _aeng
042 _apcc
080 _a570 geo
082 0 0 _a570 geo
_223
100 1 _a6
101 _azoo
245 1 0 _aEssentials of the living world /
_cGeorge B. Johnson.
906 _a7
_bcbc
_corignew
_d1
_eecip
_f20
_gy-gencatlg
942 _2ddc
_cBK
999 _c45017
_d45017